Vista normal
Vista MARC
Entrada Materia (personas)
Número de registros utilizados en: 1
001 - CONTROL NUMBER
- control field: 168414
003 - CONTROL NUMBER IDENTIFIER
- control field: Co-BoUCM
005 - DATE AND TIME OF LATEST TRANSACTION
- control field: 20211112074901.0
008 - FIXED-LENGTH DATA ELEMENTS
- fixed length control field: 211112|| aca||aabn | a|a d
040 ## - CATALOGING SOURCE
- Original cataloging agency: Co-BoUCM
- Transcribing agency: Co-BoUCM
100 ## - HEADING--PERSONAL NAME
- Personal name: Dominguez Luelmo, Andrés
670 ## - SOURCE DATA FOUND
- Source citation: Work cat.: (Co-BoUCM)73017: Dominguez Luelmo, Andrés, Derecho sanitario y responsabilidad médica comentarios a la ley 41/2002, de 14 de noviembre sobre derechos del paciente, información y documentación clínica, 2007